Click Disney Film to Character #2 - Statistics

General Stats
  • This quiz has been taken 427 times
  • The average score is 23 of 30
Answer Stats
Hint Answer % Correct
Belle 2. Beauty and the Beast
92%
Cruella de Vil 5. One Hundred and One Dalmatians
92%
Captain Hook 6. Peter Pan
92%
Tinker Bell 6. Peter Pan
92%
Rapunzel 7. Tangled
92%
Gaston 2. Beauty and the Beast
90%
Maui 3. Moana
90%
Shan Yu 4. Mulan
89%
Li Shang 4. Mulan
89%
Lumiere 2. Beauty and the Beast
88%
Wendy Darling 6. Peter Pan
87%
Mushu 4. Mulan
86%
Thumper 1. Bambi
84%
Mother Gothel 7. Tangled
81%
Flynn Rider/Eugene Fitzhebert 7. Tangled
80%
Mrs. Potts 2. Beauty and the Beast
79%
Tamatoa 3. Moana
79%
Flower 1. Bambi
76%
Cogsworth 2. Beauty and the Beast
69%
Te Kā 3. Moana
69%
Todd 8. The Fox and the Hound
67%
Mr. Smee 6. Peter Pan
66%
Hei Hei 3. Moana
65%
Pongo 5. One Hundred and One Dalmatians
65%
Pascal 7. Tangled
62%
Copper 8. The Fox and the Hound
62%
Perdita 5. One Hundred and One Dalmatians
60%
Tiger Lily 6. Peter Pan
59%
Faline 1. Bambi
42%
Chief 8. The Fox and the Hound
39%
No matching quizzes found
Score Distribution
Percent of People with Each Score
Percentile by Number Answered
Your Score History
You have not taken this quiz